00516nam a2200157Ia 4500008004100000041000800041082001200049100002100061245004500082250001400127260003800141300003300179365001100212999001700223952011800240240624s9999 xx 000 0 und d aeng a332 HAW aHAWAWINI GABRIEL aFINANCE FOR EXECUTIVES MANAGING FOR VALU a(4th ed.) c2014aNew DelhibCengage Learning axxvii, : 641 : p. : cm. ; 26 cRSb31 c25114d25114 00104070aIMTNbIMTNcRack 9-Ad2015-10-08eWBDg595.00o332 HAWp25114r2024-06-24 00:00:00t1w2024-06-24yBK